HANDBOOK ON CENSUS 2011 RESULTS INDIA/ (Record no. 214890)
[ view plain ]
| 000 -LEADER | |
|---|---|
| fixed length control field | 00556nam a22001817a 4500 |
| 005 - DATE AND TIME OF LATEST TRANSACTION | |
| control field | 20260224115153.0 |
| 010 ## - LCCN (DPL NO) | |
| LC control number | ENG-147857 |
| 020 ## - INTERNATIONAL STANDARD BOOK NUMBER | |
| Terms of availability | 600.00 |
| 035 ## - SYSTEM CONTROL NUMBER | |
| System control number | EN-131389 |
| 037 ## - SOURCE OF ACQUISITION | |
| Source of stock number/acquisition | DBAD |
| 082 ## - DEWEY DECIMAL CLASSIFICATION NUMBER | |
| Classification number | 307.760954 |
| 100 ## - MAIN ENTRY--PERSONAL NAME | |
| Personal name | CHANDRAMOULI C. |
| 245 ## - TITLE STATEMENT | |
| Title | HANDBOOK ON CENSUS 2011 RESULTS INDIA/ |
| Statement of responsibility, etc | C. CHANDRAMOULI |
| 260 ## - PUBLICATION, DISTRIBUTION, ETC. (IMPRINT) | |
| Place of publication, distribution, etc | New Delhi |
| Name of publisher, distributor, etc | OFFICE OF THE REGISTRAR GENERAL $ CENSUS COMMISSIONER |
| Date of publication, distribution, etc | 2011 |
| 270 ## - ADDRESS | |
| Address | C-90, OKHLA PHASE-1 |
| City | NEWDELHI |
| Postal code | 110020 |
| 300 ## - PHYSICAL DESCRIPTION | |
| Extent | 323pg |
| Other physical details | 30cm. |
| 942 ## - ADDED ENTRY ELEMENTS (KOHA) | |
| Source of classification or shelving scheme | Dewey Decimal Classification |
| Item type | English Books |
| Classification part | 307.760954 |
| Call number suffix | mouli |
| Withdrawn status | Lost status | Not for loan | Collection code | Home library | Current library | Date acquired | Source of acquisition | Cost, normal purchase price | Full call number | Barcode | Copy number | Cost, replacement price | Koha item type |
|---|---|---|---|---|---|---|---|---|---|---|---|---|---|
| Not For Loan | Non-fiction | D.B.Act.Division | D.B.Act.Division | 24/02/2026 | Delivery of Books Act Division | 600.00 | 307.760954 mouli | EN-131389 | 1 | 600.00 | English Books |
